Láminas hematológicas / (Record no. 189417)

MARC details
000 -LEADER
campo de control de longitud fija 00754nam a2200217 i 4500
001 - NÚMERO DE CONTROL
campo de control 189417
003 - IDENTIFICADOR DE NÚMERO DE CONTROL
campo de control SpMaBN
005 - FECHA Y HORA DE LA ÚLTIMA TRANSACCIÓN
campo de control 20230906223453.0
008 - DATOS DE LONGITUD FIJA--INFORMACIÓN GENERAL
campo de control de longitud fija 190530s1965 sp ab |||| | spa d
080 ## - NÚMERO DE LA CLASIFICACIÓN DECIMAL UNIVERSAL
Número de la Clasificación Decimal Universal 616.15(084.4)
110 2# - ENTRADA PRINCIPAL--NOMBRE DE ENTIDAD CORPORATIVA
Nombre de entidad corporativa o nombre de jurisdicción como elemento de entrada Boehringer Sohn Ingelheim.
9 (RLIN) 167173
245 10 - MENCIÓN DEL TÍTULO
Título Láminas hematológicas /
Mención de responsabilidad, etc. [H.H. Hennemann, W. Kuhn, U. Ryssel].
260 ## - PUBLICACIÓN, DISTRIBUCIÓN, ETC.
Lugar de publicación, distribución, etc. Barcelona :
Nombre del editor, distribuidor, etc. C.H. Boehringer Sohn,
Fecha de publicación, distribución, etc. [1965]
300 ## - DESCRIPCIÓN FÍSICA
Extensión 105 p. :
Otras características físicas il. col., 1 mapa ;
Dimensiones 20 x 20 cm.
500 ## - NOTA GENERAL
Nota general Índice.
650 #7 - PUNTO DE ACCESO ADICIONAL DE MATERIA--TÉRMINO DE MATERIA
Término de materia o nombre geográfico como elemento de entrada Hematología-
Subdivisión de forma Atlas.
9 (RLIN) 13301
700 1# - ENTRADA AGREGADA--NOMBRE PERSONAL
Nombre de persona Hennemann, H.H.
9 (RLIN) 167174
700 1# - ENTRADA AGREGADA--NOMBRE PERSONAL
Nombre de persona Kuhn, W.
9 (RLIN) 167175
700 1# - ENTRADA AGREGADA--NOMBRE PERSONAL
Nombre de persona Ryssel, U.
9 (RLIN) 167176
852 ## - LOCALIZACIÓN
Ubicación ES-MaACL
Número de control de estantería L-32419
Nota libre - Enc. tela
-- . - Donat. herederos de la bibl. de Mª del Pilar Costa Palacín
Holdings
Estatus retirado Estado de pérdida Estado de daño No para préstamo Biblioteca de origen Biblioteca actual Ubicación en estantería Fecha de adquisición Fuente de adquisición Total de préstamos Signatura topográfica completa Código de barras Visto por última vez Precio de reemplazo Tipo de ítem Koha
        Biblioteca del Ateneo de Madrid Biblioteca del Ateneo de Madrid Depósito 2 30/05/2019     L-32419 1200692 23/02/2023 23/02/2023 Libro impreso